Trouvez les paroles - La Valse à Mille Temps - Jacques Brel - Statistiques

Statistiques générales
  • Ce quiz a été pris 69 fois
  • Le résultat moyen est 362 sur 451
Statistiques - réponses
Réponse % Correct
à
100%
a
100%
Au
100%
au
100%
de
100%
la
100%
mille
100%
temps
100%
un
100%
Une
100%
une
100%
valse
100%
trois
98%
premier
93%
deux
91%
le
91%
c'est
88%
dans
88%
moi
88%
Et
86%
et
86%
qui
86%
me
84%
mes
81%
Je
79%
je
79%
ans
77%
cent
77%
moins
77%
plus
77%
tu
77%
vingt
77%
bat
74%
des
74%
mais
74%
mesure
74%
tout
74%
beaucoup
72%
du
72%
l'amour
72%
notre
72%
Paris
72%
encore
70%
quatre
70%
qu'une
70%
charmant
67%
dansant
67%
deuxième
67%
que
67%
émoi
65%
es
65%
nous
65%
troisième
65%
ça
63%
il
63%
suis
63%
bas
60%
déjà
60%
offre
60%
seul
60%
seule
60%
s'offre
60%
aussi
58%
aux
58%
bras
58%
côté
58%
détours
58%
murmure
58%
Toute
58%
comme
56%
seule
56%
tous
56%
troublant
56%
carrefour
53%
chaque
53%
les
53%
pour
53%
printemps
53%
s'offrir
53%
souris
53%
toi
53%
y
53%
roman
51%
t'aperçois
51%
amants
49%
l'temps
49%
fois
47%
sa
47%
bâtir
44%
j'ai
44%
on
44%
s'entend
42%
aies
40%
est
40%
mis
37%
rafraîchit
37%
enfin
35%
patienter
35%
trois cent trente-trois
35%
valsons
35%
joie
28%
laisse
28%
eclater
26%
amants
23%
comptons
23%
fredonne
19%
j'aie
12%
Aucun quiz correspondant
Distribution des résultats
% des personnes avec chaque résultat
Percentile par nombre de réponses
Votre historique - résultats
Vous n’avez pas pris ce quiz